Kelet Népe. - 8.évf. (1916) 11-12.sz.
Elmentve itt :
| Dokumentumtípus: | Folyóirat |
|---|---|
| Megjelent: |
1916
|
| Sorozat: | Kelet Népe : politikai, közgazdasági és irodalmi szemle
8 No. 11-12 |
| Online Access: | http://misc.bibl.u-szeged.hu/49124 |
| LEADER | 00498nas a2200133 i 4500 | ||
|---|---|---|---|
| 001 | misc49124 | ||
| 005 | 20200414125117.0 | ||
| 008 | 200414s1916 hu o 0|| zxx d | ||
| 040 | |a SZTE Miscellanea Repozitórium |b hun | ||
| 041 | |a zxx | ||
| 245 | 0 | 0 | |a Kelet Népe. - 8.évf. (1916) 11-12.sz. |h [elektronikus dokumentum] |
| 260 | |c 1916 | ||
| 490 | 0 | |a Kelet Népe : politikai, közgazdasági és irodalmi szemle |v 8 No. 11-12 | |
| 856 | 4 | 0 | |u http://misc.bibl.u-szeged.hu/49124/1/kelet_nepe_1916_011-012.pdf |z Dokumentum-elérés |